000
00255nam a22001217a 4500
008
181017b xxu||||| |||| 00| 0 eng d
041
_a
eng
080
_a
781
100
_a
45
101
_a
MUZ
245
_a
Sounds Sense
_c
Lwrenence.p
942
_2
udc
_c
BK
999
_c
49959
_d
49959